005280000a22001570004500060000800000082002200008100002200030245008900052260004700141260000900188300001100197650001600208942000700224999001900231952012000250 a100 a589.204 52482 KEL aKelley, Arthur P. aMycotrophy in plants : lectures on the biology of mycorrhizae and related structures aDehra Dun, Bishen singh mahendra pal singh c1990 a14 223 aMycorrhizas cBK c350214d350214 00104070aKAUCOAVbKAUCOAVd2014-05-02l0o589.204 52482 KELpKAU_COAV-22062r2014-05-02 00:00:00w2014-05-02yBK